[Event "Belgrade Trophy 37th"]
[Site "Belgrade"]
[Date "2024.11.27"]
[Round "5"]
[White "Jandric, Damjan"]
[Black "Jevtic, Miroljub L"]
[Result "1-0"]
[WhiteElo "2110"]
[BlackElo "1903"]
[PlyCount "145"]
[EventDate "2024.11.23"]
[EventType "swiss"]
[EventRounds "9"]
[EventCountry "SRB"]
[SourceTitle "CB49_2024"]
[SourceDate "2024.12.04"]
[SourceVersion "1"]
[SourceVersionDate "2024.12.04"]
[SourceQuality "1"]

1. e4 e5 2. Nf3 Nc6 3. Bb5 Nf6 4. 0-0 d6 5. Re1 a6 6. Ba4 b5 7. Bb3 Bg4 8. c3 h6 9. h3 Bxf3 10. Qxf3 Na5 11. Bc2 c5 12. d3 Nc6 13. a4 b4 14. Nd2 Be7 15. Nc4 Na5 16. Ne3 b3 17. Bd1 g6 18. Nc4 Nxc4 19. dxc4 Rb8 20. Ra3 a5 21. Bxb3 Qd7 22. Bc2 Qe6 23. b3 Nh5 24. Ra1 Bg5 25. Rd1 Bxc1 26. Raxc1 Nf4 27. Rd2 h5 28. Rcd1 Rb6 29. h4 Ke7 30. g3 Qh3 31. Qh1 Qxh1+ 32. Kxh1 Ne6 33. f3 f6 34. Rf1 g5 35. Rh2 Rbb8 36. Kg2 Rh6 37. Rfh1 Rbh8 38. Kf2 Nf8 39. b4 gxh4 40. gxh4 cxb4 41. cxb4 axb4 42. Rb1 Ne6 43. Rxb4 Nd4 44. Bd3 Rg6 45. Rb7+ Ke6 46. Rh1 Rhg8 47. Bf1 Rg3 48. Bh3+ f5 49. exf5+ Kf6 50. Bg4 Nxf5 51. Bxf5 Rg2+ 52. Ke3 Kxf5 53. Rh7 Rb8 54. Rxh5+ Ke6 55. Rh6+ Kf5 56. Rxd6 Rbb2 57. Re1 Rbc2 58. Rd3 Rxc4 59. Ra3 Rxh4 60. a5 e4 61. a6 exf3 62. Ra5+ Kg4 63. a7 Rh3 64. Rf1 Re2+ 65. Kd3 Rh8 66. a8Q Rxa8 67. Rxa8 Rb2 68. Rg8+ Kf4 69. Rf8+ Kg4 70. R8xf3 Rb3+ 71. Ke4 Rb4+ 72. Kd5 Rb5+ 73. Kc4 1-0

[Event "Novi Sad TS IM 125th"]
[Site "Novi Sad"]
[Date "2020.01.22"]
[Round "8"]
[White "Sahil, Tickoo"]
[Black "Jevtic, Miroljub L"]
[Result "1-0"]
[WhiteElo "2259"]
[BlackElo "2021"]
[PlyCount "123"]
[EventDate "2020.01.17"]
[EventType "tourn"]
[EventRounds "9"]
[EventCountry "SRB"]
[SourceTitle "CBM 194 Extra"]
[Source "ChessBase"]
[SourceDate "2020.03.31"]
[SourceVersion "1"]
[SourceVersionDate "2020.03.31"]
[SourceQuality "1"]

1. d4 Nf6 2. Nf3 e6 3. Bf4 c5 4. e3 cxd4 5. exd4 d5 6. c3 Bd6 7. Bg3 Ne4 8. Nbd2 f5 9. Bxd6 Qxd6 10. Ne5 0-0 11. Be2 Nxd2 12. Qxd2 Nd7 13. Nf3 h6 14. Bd3 a6 15. 0-0 Nf6 16. Ne5 Nd7 17. Rae1 Nxe5 18. Rxe5 b5 19. Rfe1 Bd7 20. Qe2 Rf6 21. a3 Qb6 22. Re3 Rg6 23. Rg3 Rxg3 24. hxg3 Rf8 25. f4 Qd6 26. Rf1 g6 27. g4 Kg7 28. gxf5 gxf5 29. Qe3 Rf6 30. Be2 Be8 31. Rf3 Kh7 32. Rh3 Qc7 33. Kf2 Kg7 34. Rg3+ Kh7 35. Qe5 Qxe5 36. dxe5 Rf7 37. Ke3 Rc7 38. Kd4 Rc6 39. b3 Kh8 40. c4 bxc4 41. bxc4 dxc4 42. Bxc4 Bd7 43. Rb3 Bc8 44. a4 Kg7 45. a5 Kf7 46. Rb6 Rxb6 47. axb6 Ke7 48. Kc5 Bb7 49. g3 Kd7 50. Bb3 Be4 51. Ba4+ Kc8 52. Kd6 Kb7 53. Kxe6 Kxb6 54. Kf6 Bf3 55. e6 Bh5 56. e7 Kc7 57. e8Q Bxe8 58. Bxe8 Kd6 59. Kxf5 Ke7 60. Ba4 Kf7 61. g4 a5 62. Ke5 1-0

[Event "Veliko Gradiste Silver Lake op-A"]
[Site "Veliko Gradiste"]
[Date "2019.06.22"]
[Round "8"]
[White "Jevtic, Miroljub L"]
[Black "Rajkovic, Dusan"]
[Result "0-1"]
[WhiteElo "2004"]
[BlackElo "2286"]
[PlyCount "82"]
[EventDate "2019.06.16"]
[EventType "swiss"]
[EventRounds "9"]
[EventCountry "SRB"]
[SourceTitle "CBM 191 Extra"]
[Source "ChessBase"]
[SourceDate "2019.09.30"]
[SourceVersion "1"]
[SourceVersionDate "2019.09.30"]
[SourceQuality "1"]

1. d4 g6 2. Nf3 Bg7 3. Bf4 Nf6 4. h3 0-0 5. c3 d6 6. Nbd2 Nbd7 7. e4 Nh5 8. Bh2 e5 9. g4 Nf4 10. Bxf4 exf4 11. Qb3 c5 12. Bc4 a6 13. a4 Rb8 14. a5 b5 15. axb6 Rxb6 16. Qa2 cxd4 17. cxd4 Rb4 18. b3 Qb6 19. Qa5 Bxd4 20. Qxb6 Bxb6 21. Bxa6 Bxa6 22. Rxa6 Nc5 23. Ra3 Nxe4 24. 0-0 Bc5 25. Ra4 Nxd2 26. Nxd2 Re8 27. Rxb4 Bxb4 28. Rd1 Re2 29. Nf3 Bc5 30. Nd4 Rb2 31. Kg2 Kf8 32. h4 h6 33. g5 hxg5 34. hxg5 Ke7 35. Kf3 Kd7 36. Rd3 Bb6 37. Kg2 Bd8 38. Nb5 Bxg5 39. Nxd6 Ke6 40. Nc4 Rc2 41. Nd2 Rxd2 0-1

[Event "Veliko Gradiste Silver Lake op-A"]
[Site "Veliko Gradiste"]
[Date "2019.06.20"]
[Round "6"]
[White "Jevtic, Miroljub L"]
[Black "Parnali, S Dharia"]
[Result "1/2-1/2"]
[WhiteElo "2004"]
[BlackElo "2148"]
[PlyCount "31"]
[EventDate "2019.06.16"]
[EventType "swiss"]
[EventRounds "9"]
[EventCountry "SRB"]
[SourceTitle "CBM 191 Extra"]
[Source "ChessBase"]
[SourceDate "2019.09.30"]
[SourceVersion "1"]
[SourceVersionDate "2019.09.30"]
[SourceQuality "1"]

1. d4 d5 2. Bf4 Nf6 3. h3 c5 4. e3 e6 5. c3 Bd6 6. Bxd6 Qxd6 7. Bd3 Nc6 8. Nf3 0-0 9. Nbd2 e5 10. dxe5 Nxe5 11. Nxe5 Qxe5 12. Nf3 Qh5 13. Nd2 Qe5 14. Nf3 Qh5 15. Nd2 Qe5 16. Nf3 1/2-1/2

[Event "Veliko Gradiste Silver Lake op-A"]
[Site "Veliko Gradiste"]
[Date "2019.06.16"]
[Round "1"]
[White "Van Dael, Siem"]
[Black "Jevtic, Miroljub L"]
[Result "1-0"]
[WhiteElo "2290"]
[BlackElo "2004"]
[PlyCount "61"]
[EventDate "2019.06.16"]
[EventType "swiss"]
[EventRounds "9"]
[EventCountry "SRB"]
[SourceTitle "CBM 191 Extra"]
[Source "ChessBase"]
[SourceDate "2019.09.30"]
[SourceVersion "1"]
[SourceVersionDate "2019.09.30"]
[SourceQuality "1"]

1. e4 e5 2. Nf3 Nc6 3. Bc4 Nf6 4. d3 h6 5. c3 Be7 6. 0-0 0-0 7. Re1 d6 8. Nbd2 a6 9. Bb3 Na5 10. Bc2 c5 11. Nf1 Nc6 12. h3 Nh7 13. Ne3 Ng5 14. Nd2 b5 15. a4 Be6 16. Nd5 f5 17. axb5 axb5 18. Rxa8 Qxa8 19. Nc7 Qc8 20. Nxe6 Nxe6 21. exf5 Nf4 22. Nf3 Qxf5 23. d4 Qf7 24. Bxf4 Qxf4 25. dxc5 Nd8 26. cxd6 Bg5 27. Qd5+ Nf7 28. Nxe5 Bh4 29. Nf3 Kh8 30. Nxh4 Qxh4 31. Qxf7 1-0

[Event "Belgrade ChessAmateur op 5th"]
[Site "Belgrade"]
[Date "2019.01.05"]
[Round "3"]
[White "Djukic, Sandra"]
[Black "Jevtic, Miroljub L"]
[Result "1-0"]
[WhiteElo "2174"]
[BlackElo "1976"]
[PlyCount "84"]
[EventDate "2019.01.04"]
[EventType "swiss"]
[EventRounds "9"]
[EventCountry "SRB"]
[SourceTitle "CBM 188 Extra"]
[Source "ChessBase"]
[SourceDate "2019.02.28"]
[SourceVersion "1"]
[SourceVersionDate "2019.02.28"]
[SourceQuality "1"]

1. d4 d5 2. c4 e6 3. Nf3 Nf6 4. Nc3 Be7 5. Bg5 h6 6. Bh4 0-0 7. e3 Nbd7 8. cxd5 exd5 9. Bd3 c6 10. Qc2 Re8 11. Bg3 Bb4 12. 0-0 Nh5 13. Be5 Nhf6 14. a3 Bxc3 15. Qxc3 Nxe5 16. Nxe5 Ne4 17. Qc2 f5 18. b4 a6 19. a4 Nd6 20. Rab1 Be6 21. Rfc1 Qf6 22. f4 Nf7 23. b5 cxb5 24. axb5 Rec8 25. Qa4 axb5 26. Rxc8+ Rxc8 27. Qxb5 Nxe5 28. dxe5 Qe7 29. h3 Rc7 30. Kh2 Qd7 31. Qxd7 Rxd7 32. Rb6 Re7 33. g4 g6 34. Kg3 Kg7 35. Kf3 h5 36. gxh5 gxh5 37. h4 Kf7 38. Rd6 Rd7 39. Rxd7+ Bxd7 40. Ke2 Ke7 41. Kd2 Ke6 42. Kc3 b6 1-0

[Event "Belgrade ChessAmateur op 5th"]
[Site "Belgrade"]
[Date "2019.01.04"]
[Round "1"]
[White "Dragojlovic, Andjelko"]
[Black "Jevtic, Miroljub L"]
[Result "1/2-1/2"]
[WhiteElo "2269"]
[BlackElo "1976"]
[PlyCount "69"]
[EventDate "2019.01.04"]
[EventType "swiss"]
[EventRounds "9"]
[EventCountry "SRB"]
[SourceTitle "CBM 188 Extra"]
[Source "ChessBase"]
[SourceDate "2019.02.28"]
[SourceVersion "1"]
[SourceVersionDate "2019.02.28"]
[SourceQuality "1"]

1. e4 e5 2. Nc3 Nf6 3. Bc4 Nc6 4. d3 Na5 5. Nge2 Nxc4 6. dxc4 h6 7. 0-0 a6 8. b3 Bc5 9. Qd3 d6 10. Be3 Bxe3 11. Qxe3 0-0 12. Rad1 Qe7 13. Rd3 b6 14. Qd2 Bb7 15. Ng3 Bc8 16. h3 Bd7 17. a4 a5 18. Kh1 Rae8 19. f4 exf4 20. Rxf4 Kh7 21. Rdf3 Qe5 22. Rxf6 gxf6 23. Nd5 f5 24. Nxf5 Bxf5 25. Rxf5 Qa1+ 26. Kh2 Re6 27. Qf4 Qg7 28. Nxc7 Re5 29. Nd5 Rxf5 30. Qxf5+ Qg6 31. Nxb6 Re8 32. Nd5 Kg7 33. Qxg6+ fxg6 34. Nc3 Kf6 35. Kg3 1/2-1/2

[Event "Belgrade-chTB Quality"]
[Site "Belgrade"]
[Date "2018.11.04"]
[Round "11.4"]
[White "Jevtic, Miroljub L"]
[Black "Simonovic, Miroslav"]
[Result "1/2-1/2"]
[WhiteElo "1999"]
[BlackElo "2219"]
[PlyCount "118"]
[EventDate "2018.09.29"]
[EventType "team-tourn"]
[EventRounds "11"]
[EventCountry "SRB"]
[SourceTitle "EXT 2022"]
[Source "ChessBase"]
[SourceDate "2021.10.06"]
[SourceVersion "1"]
[SourceVersionDate "2021.10.06"]
[SourceQuality "1"]
[WhiteTeam "Belgrade Turbina"]
[BlackTeam "Belgrade Politika"]
[WhiteTeamCountry "SRB"]
[BlackTeamCountry "SRB"]

1. d4 g6 2. c4 Bg7 3. Nc3 d6 4. Bf4 Nd7 5. Nf3 h6 6. h3 e5 7. dxe5 dxe5 8. Bh2 Ne7 9. e4 0-0 10. Be2 f5 11. 0-0 f4 12. b4 c6 13. c5 Kh7 14. Qb3 Qc7 15. Rfd1 a5 16. a3 b5 17. cxb6 Nxb6 18. Rac1 a4 19. Qa2 Qb8 20. Nd2 Rf6 21. f3 Be6 22. Qb2 Rf8 23. Kh1 Rd8 24. Bg1 Nec8 25. Bc5 Ra7 26. Ndb1 Rad7 27. Rxd7 Rxd7 28. Rd1 Bb3 29. Rxd7 Nxd7 30. Bf2 Qd6 31. Nd2 Qe6 32. Nxb3 Qxb3 33. Qa1 Qc2 34. Bg1 Ncb6 35. Bd1 Qd3 36. Bxa4 Nxa4 37. Nxa4 Nf6 38. Nc5 Qe2 39. a4 Nh5 40. Bh2 Bf6 41. a5 Bh4 42. Qb1 Be1 43. Qd3 Qf2 44. Ne6 Bxb4 45. Qd7+ Kg8 46. Qe8+ Kh7 47. Qf7+ Kh8 48. Qe8+ Kh7 49. Qd7+ Kg8 50. Qc8+ Kf7 51. Nd8+ Kf6 52. Qe6+ Kg7 53. Qd7+ Kf6 54. Qe6+ Kg7 55. Qf7+ Kh8 56. Qe8+ Kh7 57. Qf7+ Kh8 58. Qe8+ Kh7 59. Qf7+ Kh8 1/2-1/2

[Event "Belgrade-chTB Quality"]
[Site "Belgrade"]
[Date "2018.10.27"]
[Round "9.3"]
[White "Djerfi, Karolj"]
[Black "Jevtic, Miroljub L"]
[Result "1/2-1/2"]
[WhiteElo "2265"]
[BlackElo "1999"]
[PlyCount "88"]
[EventDate "2018.09.29"]
[EventType "team-tourn"]
[EventRounds "11"]
[EventCountry "SRB"]
[SourceTitle "CBM 187 Extra"]
[Source "ChessBase"]
[SourceDate "2018.11.04"]
[SourceVersion "1"]
[SourceVersionDate "2018.11.04"]
[SourceQuality "1"]
[WhiteTeam "Belgrade Lasta"]
[BlackTeam "Belgrade Turbina"]
[WhiteTeamCountry "SRB"]
[BlackTeamCountry "SRB"]

1. d4 d5 2. Nf3 Nf6 3. e3 Bg4 4. c4 Bxf3 5. Qxf3 e6 6. Nc3 c6 7. Bd3 Be7 8. 0-0 0-0 9. b3 Re8 10. Bb2 a6 11. Rfd1 Nbd7 12. e4 dxe4 13. Nxe4 Nxe4 14. Qxe4 Nf6 15. Qe2 Qa5 16. a4 Qh5 17. Qxh5 Nxh5 18. g3 Nf6 19. Be2 Red8 20. f4 Rd7 21. Bf3 h6 22. Kf1 Bb4 23. Rd3 a5 24. Rad1 Rad8 25. Ke2 Kf8 26. g4 Ng8 27. f5 exf5 28. gxf5 Bd6 29. d5 Re8+ 30. Kf2 c5 31. Bc3 b6 32. h3 Be5 33. d6 Bxc3 34. Rxc3 Re5 35. Bc6 Rxf5+ 36. Rf3 Rxf3+ 37. Kxf3 Rd8 38. Kf4 Nf6 39. Ke5 Rb8 40. Bb5 Rd8 41. Rg1 Rb8 42. Bc6 Rd8 43. Bb5 Rb8 44. Bc6 Rd8 1/2-1/2

[Event "Belgrade-chTB Quality"]
[Site "Belgrade"]
[Date "2018.10.14"]
[Round "6.2"]
[White "Kostic, Milutin B"]
[Black "Jevtic, Miroljub L"]
[Result "1-0"]
[WhiteElo "2233"]
[BlackElo "1999"]
[PlyCount "125"]
[EventDate "2018.09.29"]
[EventType "team-tourn"]
[EventRounds "11"]
[EventCountry "SRB"]
[SourceTitle "CBM 187 Extra"]
[Source "ChessBase"]
[SourceDate "2018.11.04"]
[SourceVersion "1"]
[SourceVersionDate "2018.11.04"]
[SourceQuality "1"]
[WhiteTeam "Belgrade Romanticari"]
[BlackTeam "Belgrade Turbina"]
[WhiteTeamCountry "SRB"]
[BlackTeamCountry "SRB"]

1. d4 d5 2. Nf3 Nf6 3. c4 e6 4. g3 Be7 5. Bg2 0-0 6. Qc2 Nc6 7. 0-0 Rb8 8. Rd1 Nb4 9. Qb3 dxc4 10. Qxc4 b5 11. Qb3 Bb7 12. Nc3 a5 13. a4 bxa4 14. Rxa4 Bc6 15. Rxa5 Bxf3 16. Bxf3 c5 17. Rb5 Rxb5 18. Nxb5 Qb6 19. Qc4 Rb8 20. Nc3 cxd4 21. Rxd4 h6 22. Bf4 Rd8 23. Rxd8+ Qxd8 24. Qc7 Qxc7 25. Bxc7 Kf8 26. e4 Nd3 27. Na4 Ne1 28. Bh1 Nd7 29. Kf1 Nd3 30. Ke2 Nb4 31. f4 Na6 32. Ba5 e5 33. Bc3 f6 34. Bf3 Bd6 35. Bd2 exf4 36. gxf4 g5 37. e5 fxe5 38. fxg5 hxg5 39. Bxg5 e4 40. Bg4 Ndc5 41. Nxc5 Nxc5 42. h4 Na4 43. Bf6 Kf7 44. Bd4 Nxb2 45. Bxb2 Be7 46. h5 Bf6 47. Bc1 e3 48. Bxe3 Kg7 49. Kf3 Kh8 50. Ke4 Bc3 51. Kf5 Kg7 52. Be2 Kh7 53. Bg5 Kg7 54. Bd3 Bd4 55. Bc4 Bc3 56. Bb5 Bb2 57. Be8 Bc3 58. Bg6 Bb2 59. h6+ Kg8 60. Be8 Bc3 61. Kg6 Bb2 62. Be7 Kh8 63. Bf7 1-0

[Event "Belgrade-chT"]
[Site "Belgrade"]
[Date "2018.05.11"]
[Round "5"]
[White "Jevtic, Miroljub L"]
[Black "Jakovljevic, Dejan"]
[Result "1-0"]
[WhiteElo "2001"]
[BlackElo "2007"]
[PlyCount "121"]
[EventDate "2018.05.07"]
[EventType "team-swiss"]
[EventRounds "5"]
[EventCountry "SRB"]
[SourceTitle "CBM 184 Extra"]
[Source "ChessBase"]
[SourceDate "2018.06.28"]
[SourceVersion "1"]
[SourceVersionDate "2018.06.28"]
[SourceQuality "1"]
[WhiteTeam "Belgrade Turbina"]
[BlackTeam "Belgrade Partizan"]
[WhiteTeamCountry "SRB"]
[BlackTeamCountry "SRB"]

1. d4 Nf6 2. Nf3 c5 3. c3 d5 4. dxc5 e6 5. Bf4 Bxc5 6. e3 Nc6 7. Nd4 0-0 8. Bg5 Be7 9. Nd2 e5 10. Nxc6 bxc6 11. Nf3 Qc7 12. Be2 Bf5 13. Nh4 Be6 14. Bxf6 Bxf6 15. g3 Qb6 16. Qb3 Qc7 17. Qc2 Rab8 18. Nf3 Bh3 19. Bf1 Be6 20. h4 g6 21. Bh3 Bxh3 22. Rxh3 Qc8 23. Rh1 Qg4 24. Nh2 Qc4 25. b3 Qc5 26. Rc1 Qa5 27. h5 d4 28. hxg6 fxg6 29. Ng4 Qd5 30. e4 Qe6 31. Nxf6+ Qxf6 32. cxd4 exd4 33. f4 Rbc8 34. Qc4+ Kh8 35. Kf2 c5 36. Kg2 Qc6 37. Kf3 g5 38. Qd3 gxf4 39. g4 Qd6 40. Rh5 Rf7 41. b4 Rfc7 42. Rd5 Qh6 43. Rh5 Qd6 44. bxc5 Rxc5 45. Rcxc5 Rxc5 46. Rxc5 Qxc5 47. Kxf4 Qc1+ 48. Kf3 Qh1+ 49. Kf4 Qc1+ 50. Kf3 Qh1+ 51. Kf2 Qh4+ 52. Kf1 Qh1+ 53. Ke2 Qg2+ 54. Ke1 Qg1+ 55. Kd2 Qg2+ 56. Kc1 Qg1+ 57. Kc2 Qxg4 58. Qxd4+ Qg7 59. e5 Qe7 60. Qd6 Qb7 61. Qf8# 1-0